Paroles - Les Lacs Du Connemara - Statistiques

Statistiques générales
  • Ce quiz a été pris 6 954 fois
    6 932 depuis la dernière actualisation
  • Le résultat moyen est 224 sur 285
Statistiques - réponses
Réponse % Correct
la
100%
a
99%
au
99%
Connemara
99%
de
99%
le
99%
des
98%
du
98%
lac
98%
les
98%
Terre
98%
terre
98%
Brulée
97%
brulée
97%
c'est
96%
lacs
96%
landes
95%
vent
95%
pierres
94%
pour
94%
un
94%
rivières
93%
vie
93%
vivants
93%
nuages
92%
peu
92%
qui
92%
décor
91%
noirs
91%
nord
91%
viennent
90%
et
89%
d'enfer
88%
autour
86%
ciel
86%
dans
86%
irlandais
86%
colorent
85%
printemps
85%
ca
83%
dit
83%
en
83%
suivant
83%
se
81%
on
79%
78%
paix
77%
je
76%
plongé
76%
Catholique
73%
là-bas
73%
nue
73%
oui
73%
suis
73%
Maureen
72%
que
72%
était
71%
une
71%
aussi
69%
il
69%
y
69%
danse
68%
folie
68%
tout
67%
pas
66%
jour
64%
prix
64%
silence
63%
l'église
62%
sait
62%
sont
62%
encore
61%
Gallois
61%
ils
61%
s'est
61%
arrivés
59%
d'Angleterre
59%
granit
59%
rois
59%
ni
58%
aux
57%
celle
57%
comté
57%
guerre
57%
nuits
57%
deux
56%
jours
56%
trois
56%
voit
56%
croit
54%
croix
54%
temps
54%
chevaux
53%
est
52%
Kelly
52%
monstres
51%
quoi
51%
boire
50%
feront
50%
n'accepte
50%
Galway
49%
Sean
48%
viendra
48%
vit
48%
l'éternité
47%
rythme
46%
meilleur
45%
certains
44%
d'été
44%
qu'on
44%
replonger
44%
soirs
44%
y'avait
44%
d'ailleurs
42%
l'âme
42%
près
42%
repos
42%
soleil
42%
venus
42%
chercher
40%
coeur
40%
nager
40%
hommes
39%
connors
38%
pluies
38%
gout
36%
Limerick
35%
of
34%
ring
32%
Cromwell
30%
Gaëls
29%
Kerry
29%
l'on
27%
Flaherty
26%
Tipperary
23%
O'Connolly
15%
Barry-Connely
13%
Aucun quiz correspondant
Distribution des résultats
% des personnes avec chaque résultat
Percentile par nombre de réponses
Votre historique - résultats
Vous n’avez pas pris ce quiz depuis la dernière actualisation